| 000 | 00620nam a2200193 a 4500 | ||
|---|---|---|---|
| 001 | 000012710 | ||
| 005 | 20240412074235.0 | ||
| 008 | 091116s1988 dr a 000 j spa d | ||
| 040 |
_aDO-SdBNP _bspa _cBNPHU |
||
| 082 |
_aRD863.44 _bR621s |
||
| 100 | 1 |
_aRivera Almodovar, Eusebio _929479 |
|
| 245 | 1 | 0 |
_aSueƱos de ojos abiertos : _bcuentos / _cEusebio Rivera Almodovar. |
| 260 |
_aSanto Domingo, : _bTaller, _c1988. |
||
| 300 |
_a117 p. : _bil. ; _c20 cm. |
||
| 590 | _aInventariado, 2020 /MAA | ||
| 650 | 0 |
_aCuentos dominicanos _9176 |
|
| 650 | 0 |
_aLiteratura dominicana. _967 |
|
| 910 | _aValidado. Control de calidad MFF | ||
| 999 |
_c12361 _d12361 |
||